00889nam a2200205 a 4500001001300000003000900013005001700022008004100039020002300080082001600103100001900119245003000138260003300168300000900201500003500210505002000245505037300265650002600638700001900664nice12345678IN_TiNIC20260116012239.0050524s1987 newa grd 000 0 eng  a0024801 c10000a291.03bELI aEliade, Mircea aEncyclopedia of Religion. aNew York bFree Press c1987 a570p aincludes index and biblioraphy2 aBiblio, Indexes2 aBiblio, Indexes00gV1.tAaro-Aust.--gV2.tAuth-Bult.--gV3.tCaba-Cona.--gV4.tConc to Ecol.--gV5.tEcon to Cobl.--gV6.tGod to Ichi.--gV7.tIcon to Jens.--gV8.tJ e R e to L I t U.--gV9.tL I U to M I t h.--gV10.tM o a b to n U a D.--gV11.tN U b U to P R I M.--gV12.tP R o C to S a I C.--gV13.tS a I n to S P e K.--gV14.tS P e L to t o W e.--gV15.t aReligion-Encyclopedia1 aEliade, Mircea